| 000 | 00643cam a22001814a 4500 | ||
|---|---|---|---|
| 005 | 20250605164353.0 | ||
| 008 | 250528s ||||||||||||||||||||||||d | ||
| 035 | _a24160 | ||
| 040 |
_aGR-AtMCL _bgre _dGR-AtMCL _eAACR2 |
||
| 245 | 1 | _aEnhancing On-Board Wi-Fi Connectivity to Improve the Passenger Experience | |
| 260 |
_bGlobal Railway, _c2020 |
||
| 300 | _a57 | ||
| 520 | _aAustralia's Inland Rail: Key Benefits and Opportunities, Being Prepared to Deal with Winter Weather Challenges, HS2's Skills and Employment and Education Strategy. | ||
| 700 | 1 |
_aWaters Craig _99421 |
|
| 942 | _cCR | ||
| 999 |
_c9057 _d9057 |
||